| 000 | 01490nam a2200301Ia 4500 | ||
|---|---|---|---|
| 999 |
_c5020 _d5020 |
||
| 003 | OSt | ||
| 005 | 20200429181650.0 | ||
| 008 | 191128s2007 ck gr 000 0dspa d | ||
| 020 | _a9789588025926 | ||
| 040 |
_aCO-JMCR _cCO-JMCR |
||
| 041 | 0 | _aspa | |
| 082 | 0 | 4 |
_a305.235 / _bF665f |
| 100 | 1 |
_aFlórez, Carmen Elisa, _eautora _93727 |
|
| 245 | 1 | 0 |
_aFecundidad adolescente y pobreza : _bdiagnósticos y lineamientos de política / _cCarmen Elisa Flórez y Victoria Soto |
| 260 |
_aBogotá : _bDepartamento Nacional de Planeación, _c2007 |
||
| 300 |
_a117 páginas ; _c28 cm. |
||
| 300 | _c 28 cm | ||
| 490 | 0 | _aEstrategia para la reducción de la pobreza y la desigualdad | |
| 504 | _aIncluye bibliografía. | ||
| 505 | _aTendencia de la fecundidad adolescente en Colombia --Determinantes de la fecundidad -- Embarazo adolescente y pobreza -- Consecuencias del embarazo adolescente --Políticas y programas dirigidos a la sexualidad y reproducción en los adolescentes | ||
| 520 | _aEl objetivo de este informe es doble. Por una parte, busca realizar un diafnóstico de la fecundidad adolescente en Colombia, que permita organizar el conociemiento disponible sobre el tema, respecto a sus tendencias. | ||
| 650 | 1 | 4 |
_aFecundidad humana _zColombia _93728 |
| 650 | 2 | 4 |
_aAdolescentes _xConducta sexual _zColombia _93729 |
| 650 | 2 | 4 |
_a Demografía _zColombia _93730 |
| 650 | 2 | 4 |
_aCondiciones sociales _zColombia _93731 |
| 700 | 1 |
_aSoto, Victoria, _eautora _93732 |
|
| 942 |
_2ddc _cBK |
||